000 00406nam a2200157Ia 4500
008 210719s1991 xx 000 0 und d
020 _a0070591776
041 _aeng
082 _a001.64 SMIC
100 _aSMITH (David N)
245 _aConcepts of object-oriented programming.
260 _aNew York.
_bMcGraw-Hill, Inc.,
_c1991
300 _axii,187
_bPB
365 _cRs
650 _aComputer Science
999 _c213523
_d213523